[Event "Schwarzach op-A"]
[Site "Schwarzach"]
[Date "2002.??.??"]
[Round "3"]
[White "Stefanelli, Luca"]
[Black "Eberl, Hans Christian"]
[Result "1/2-1/2"]
[WhiteElo "2218"]
[BlackElo "2070"]
[PlyCount "80"]
[EventDate "2002.08.??"]
[EventType "swiss"]
[EventRounds "9"]
[EventCountry "AUT"]
[SourceTitle "EXT 2003"]
[Source "ChessBase"]
[SourceDate "2002.11.25"]
[SourceVersion "1"]
[SourceVersionDate "2002.11.25"]
[SourceQuality "1"]

1. Nf3 e6 2. c4 Nf6 3. g3 d5 4. b3 c5 5. Bb2 Nc6 6. Bg2 Be7 7. 0-0 d4 8. d3 0-0 9. e3 e5 10. exd4 cxd4 11. Re1 Nd7 12. Nbd2 a5 13. a3 f5 14. Qc2 Bd6 15. c5 Bxc5 16. Nc4 Qf6 17. Ncxe5 Ncxe5 18. Nxe5 Bb6 19. Nxd7 Bxd7 20. Bxb7 Rab8 21. Bd5+ Kh8 22. f4 Rbc8 23. Qd2 Rc5 24. Bg2 Rc3 25. Qd1 Rfc8 26. Bxc3 dxc3+ 27. Kh1 c2 28. Qd2 Qb2 29. Bb7 Bd4 30. Rac1 Qxb3 31. Bxc8 Bc6+ 32. Qg2 Bxg2+ 33. Kxg2 g6 34. Re2 Qxa3 35. Rcxc2 Qxd3 36. Re8+ Kg7 37. Rc7+ Kh6 38. Ree7 Bg7 39. Rxg7 Qe2+ 40. Kh3 Qh5+ 1/2-1/2

[Event "Schwarzach op-A"]
[Site "Schwarzach"]
[Date "2002.??.??"]
[Round "6"]
[White "Stoeckl, Norbert"]
[Black "Stefanelli, Luca"]
[Result "1/2-1/2"]
[WhiteElo "2106"]
[BlackElo "2218"]
[PlyCount "42"]
[EventDate "2002.08.??"]
[EventType "swiss"]
[EventRounds "9"]
[EventCountry "AUT"]
[SourceTitle "EXT 2003"]
[Source "ChessBase"]
[SourceDate "2002.11.25"]
[SourceVersion "1"]
[SourceVersionDate "2002.11.25"]
[SourceQuality "1"]

1. e4 d6 2. d4 Nf6 3. Nc3 e5 4. dxe5 dxe5 5. Qxd8+ Kxd8 6. Bc4 Be6 7. Bxe6 fxe6 8. Be3 Bd6 9. f3 Ke7 10. 0-0-0 Nc6 11. Na4 b6 12. Nh3 a6 13. Nf2 Rad8 14. Kb1 Rd7 15. c4 Rhd8 16. Rc1 Bb4 17. Nc3 Bxc3 18. Rxc3 Nd4 19. Ra3 Ra8 20. Nd3 Nc6 21. Kc2 Rad8 1/2-1/2

[Event "Bratto op 21st"]
[Site "Bratto"]
[Date "2001.08.22"]
[Round "1"]
[White "Radice, Luca"]
[Black "Stefanelli, Luca"]
[Result "1/2-1/2"]
[WhiteElo "2042"]
[BlackElo "2270"]
[PlyCount "25"]
[EventDate "2001.08.22"]
[EventType "swiss"]
[EventRounds "9"]
[EventCountry "ITA"]
[SourceTitle "EXT 2002"]
[Source "ChessBase"]
[SourceDate "2001.11.25"]
[SourceVersion "1"]
[SourceVersionDate "2001.11.25"]
[SourceQuality "1"]

1. d4 d6 2. Nf3 Bg4 3. c4 Bxf3 4. exf3 g6 5. Nc3 Bg7 6. Be3 e6 7. Qd2 h6 8. Bd3 Ne7 9. 0-0-0 Nd7 10. Rhe1 c6 11. d5 cxd5 12. cxd5 e5 13. Kb1 1/2-1/2

[Event "Ciro tt"]
[Site "Ciro"]
[Date "1998.??.??"]
[Round "5"]
[White "Stefanelli, Luca"]
[Black "Schinis, Mario"]
[Result "1-0"]
[WhiteElo "2270"]
[BlackElo "2210"]
[PlyCount "65"]
[EventDate "1998.??.??"]
[EventType "team"]
[EventRounds "5"]
[EventCountry "ITA"]
[SourceTitle "EXT 2000"]
[Source "ChessBase"]
[SourceDate "1999.11.16"]
[SourceVersion "1"]
[SourceVersionDate "1999.11.16"]
[SourceQuality "1"]

1. d4 Nf6 2. Nf3 e6 3. e3 b6 4. Bd3 c5 5. 0-0 Be7 6. b3 cxd4 7. exd4 Bb7 8. Bb2 0-0 9. Nbd2 d5 10. Qe2 Nc6 11. a3 a5 12. Ne5 Bd6 13. f4 Nb8 14. g4 Ba6 15. c4 g6 16. Rf2 Ne8 17. Raf1 Ng7 18. f5 exf5 19. gxf5 Nd7 20. Qf3 Nxe5 21. dxe5 Bc5 22. f6 Nh5 23. e6 Qd6 24. e7 Rfe8 25. cxd5 Bxd3 26. Qxd3 Nf4 27. Qf3 Nxd5 28. Ne4 Bxf2+ 29. Qxf2 Qe6 30. Qh4 h5 31. Re1 Qg4+ 32. Qxg4 hxg4 33. Nd6 1-0

[Event "ITA-chT UISP 18th"]
[Site "Montecatini Terme"]
[Date "1997.12.??"]
[Round "1"]
[White "Unterthurner, Hans"]
[Black "Stefanelli, Luca"]
[Result "1-0"]
[WhiteElo "1863"]
[BlackElo "2270"]
[PlyCount "109"]
[EventDate "1997.12.??"]
[EventType "team-tourn"]
[EventRounds "8"]
[EventCountry "ITA"]
[SourceTitle "EXT 2024"]
[Source "ChessBase"]
[SourceDate "2023.10.10"]
[SourceVersion "1"]
[SourceVersionDate "2023.10.10"]
[SourceQuality "1"]

1. e4 c5 2. Nf3 Nc6 3. d4 cxd4 4. Nxd4 Nf6 5. Nc3 e5 6. Ndb5 d6 7. Bg5 a6 8. Na3 b5 9. Nd5 Be7 10. Nxe7 Nxe7 11. Bxf6 gxf6 12. c4 Bb7 13. Bd3 bxc4 14. Nxc4 d5 15. exd5 Qxd5 16. Nd6+ Kf8 17. Be4 Qa5+ 18. Qd2 Qxd2+ 19. Kxd2 Rd8 20. Bxb7 Rxd6+ 21. Kc2 Nf5 22. b3 Kg7 23. Rhd1 Nd4+ 24. Kb2 Rb8 25. Be4 f5 26. Bd3 e4 27. Bxa6 Kf6 28. Rac1 Rbd8 29. Bc4 R8d7 30. Rc3 Ke5 31. Rh3 Ne2 32. Rxd6 Rxd6 33. Kc2 Nf4 34. Rxh7 Nxg2 35. Rxf7 e3 36. fxe3 Nxe3+ 37. Kc3 f4 38. a4 Ke4 39. a5 f3 40. Re7+ Kf4 41. Rf7+ Ke4 42. Kb4 Rh6 43. Bb5 Nd5+ 44. Kc5 Nf4 45. Re7+ Re6 46. Bc6+ Ke3 47. Rxe6+ Nxe6+ 48. Kb6 f2 49. Bb5 Nd4 50. Bf1 Nxb3 51. a6 Nd2 52. Bb5 Kd4 53. a7 Nc4+ 54. Bxc4 Kxc4 55. a8Q 1-0

[Event "Caorle op"]
[Site "Caorle"]
[Date "1988.??.??"]
[Round "8"]
[White "Stefanelli, Luca"]
[Black "Luciani, Carlo"]
[Result "0-1"]
[WhiteElo "1970"]
[BlackElo "2150"]
[PlyCount "58"]
[EventDate "1988.??.??"]
[EventType "swiss"]
[EventRounds "8"]
[EventCountry "ITA"]
[SourceTitle "EXT 1999"]
[Source "ChessBase"]
[SourceDate "1998.11.16"]
[SourceVersion "1"]
[SourceVersionDate "1998.11.16"]
[SourceQuality "1"]

1. d4 Nf6 2. Nf3 g6 3. Bf4 Bg7 4. h3 0-0 5. Nbd2 d6 6. e4 Nbd7 7. Be2 c5 8. c3 cxd4 9. cxd4 b6 10. Qc2 Bb7 11. Rd1 Rc8 12. Qb1 Rc7 13. 0-0 Qa8 14. e5 dxe5 15. dxe5 Nd5 16. Bg3 Rcc8 17. Rfe1 Nc5 18. Bf1 Ne6 19. Ne4 Nb4 20. Nc3 Rfd8 21. a3 Na6 22. Rxd8+ Rxd8 23. Ne4 Nac7 24. b4 Bh6 25. Bh4 Rd7 26. Bc4 Bd5 27. Bxd5 Nxd5 28. Rd1 Rc7 29. Nd4 Nxd4 0-1